[Event "Titled Tuesday intern op 16th Apr Late"]
[Site "Chess.com INT"]
[Date "2024.04.16"]
[Round "1"]
[White "Mikhalsky, Vladimir"]
[Black "Aronian, Levon"]
[Result "1-0"]
[WhiteElo "2219"]
[BlackElo "2729"]
[PlyCount "137"]
[EventDate "2024.04.16"]
[EventType "swiss (blitz)"]
[EventRounds "11"]
[EventCountry "USA"]
[SourceTitle "CB17_2024"]
[SourceDate "2024.04.24"]
[SourceVersion "1"]
[SourceVersionDate "2024.04.24"]
[SourceQuality "1"]

1. c4 e5 2. Nc3 Nc6 3. g3 f5 4. Bg2 Nf6 5. e3 Bb4 6. Nge2 0-0 7. a3 Bxc3 8. Nxc3 d6 9. d3 Qe8 10. Nd5 Nxd5 11. cxd5 Ne7 12. 0-0 Bd7 13. b4 Qf7 14. e4 f4 15. f3 c6 16. dxc6 Bxc6 17. gxf4 exf4 18. d4 d5 19. a4 a6 20. Qb3 Ng6 21. e5 Nh4 22. Rf2 b5 23. axb5 Bxb5 24. Kh1 Rac8 25. Bd2 Rc4 26. Bh3 Rxd4 27. Bc3 Rd3 28. e6 Qc7 29. Rc1 Rc8 30. e7 Rxc3 31. Qxd5+ Kh8 32. Rxc3 Qxc3 33. Qd8+ Be8 34. Qxc8 Qe1+ 35. Rf1 Qxe7 36. Qc5 Qd8 37. Qe5 Bb5 38. Re1 Nxf3 39. Qe7 Qg8 40. Rd1 Bc6 41. Bg2 Nd4 42. Rxd4 f3 43. Rd8 fxg2+ 44. Kg1 Bd5 45. Rxg8+ Bxg8 46. Qd8 h6 47. Kxg2 Kh7 48. Kf2 Bc4 49. Qe7 Bb5 50. Qd6 Kg8 51. Qe5 Kf7 52. Qb8 g5 53. Qc7+ Kg6 54. Ke3 h5 55. Qd6+ Kf5 56. Qe7 Kg4 57. Qe4+ Kh3 58. Qf5+ Kh4 59. h3 Bc6 60. Kf2 Bb5 61. Qe5 g4 62. Qg3+ Kg5 63. hxg4 hxg4 64. Ke3 Kf5 65. Qf4+ Ke6 66. Qxg4+ Kd5 67. Kd2 Kc6 68. Kc3 Kb6 69. Qg5 1-0

[Event "Titled Tuesday intern op 16th Apr Late"]
[Site "Chess.com INT"]
[Date "2024.04.16"]
[Round "5"]
[White "Mikhalsky, Vladimir"]
[Black "Nasuta, Grzegorz"]
[Result "0-1"]
[WhiteElo "2219"]
[BlackElo "2552"]
[PlyCount "84"]
[EventDate "2024.04.16"]
[EventType "swiss (blitz)"]
[EventRounds "11"]
[EventCountry "USA"]
[SourceTitle "CB17_2024"]
[SourceDate "2024.04.24"]
[SourceVersion "1"]
[SourceVersionDate "2024.04.24"]
[SourceQuality "1"]

1. c4 c6 2. g3 d5 3. Bg2 Nf6 4. Nf3 Bg4 5. Ne5 Bf5 6. 0-0 Nbd7 7. d4 e6 8. Nxd7 Qxd7 9. Nc3 Be7 10. Re1 0-0 11. h3 Rad8 12. c5 h6 13. b4 Rfe8 14. f4 Ne4 15. Nxe4 Bxe4 16. Bb2 Bf6 17. Qd2 g6 18. Qe3 Bxg2 19. Kxg2 Bg7 20. Qd3 Kh7 21. a4 f6 22. b5 e5 23. e3 exf4 24. exf4 f5 25. Re5 Bxe5 26. fxe5 Qe6 27. Rf1 Rb8 28. Bc1 b6 29. cxb6 Rxb6 30. Qe3 g5 31. Qd3 Rf8 32. g4 Kg6 33. h4 gxh4 34. Qe3 f4 35. Rxf4 Rxf4 36. Qxf4 Kg7 37. Ba3 cxb5 38. Bf8+ Kh7 39. Bd6 bxa4 40. Kh3 a3 41. Bxa3 Rb3+ 42. Kxh4 Rxa3 0-1

[Event "Titled Tuesday intern op 02nd Apr Late"]
[Site "Chess.com INT"]
[Date "2024.04.02"]
[Round "1"]
[White "Svane, Rasmus"]
[Black "Mikhalsky, Vladimir"]
[Result "0-1"]
[WhiteElo "2627"]
[BlackElo "2219"]
[PlyCount "124"]
[EventDate "2024.04.02"]
[EventType "swiss (blitz)"]
[EventRounds "11"]
[EventCountry "USA"]
[SourceTitle "CB15_2024"]
[SourceDate "2024.04.10"]
[SourceVersion "1"]
[SourceVersionDate "2024.04.10"]
[SourceQuality "1"]

1. Nf3 c5 2. c4 Nf6 3. d4 g6 4. d5 Bg7 5. Nc3 0-0 6. e4 d6 7. h3 e6 8. Bd3 exd5 9. exd5 Re8+ 10. Be3 a6 11. 0-0 Nh5 12. Qd2 Nd7 13. Rfe1 Ne5 14. Nxe5 Bxe5 15. Be2 Ng7 16. Bg5 f6 17. Bf4 Nf5 18. Bd3 Nd4 19. Bxe5 fxe5 20. f4 Bxh3 21. fxe5 dxe5 22. Ne4 Qh4 23. Qf2 Qxf2+ 24. Kxf2 Rf8+ 25. Kg1 Bf5 26. Nxc5 Bxd3 27. Nxd3 Nc2 28. Rac1 Nxe1 29. Rxe1 Rfe8 30. Re4 Kg7 31. d6 Kf6 32. c5 Rac8 33. b4 Kf5 34. Re3 Rcd8 35. Nb2 e4 36. Nc4 Kf4 37. Kf2 g5 38. g3+ Kg4 39. Kg2 h5 40. Nd2 h4 41. gxh4 gxh4 42. a4 Kf4 43. Kf2 h3 44. Nf1 Rf8 45. Rxh3 Kg4+ 46. Kg2 Rxf1 47. Rh7 Rd1 48. Rxb7 Rd2+ 49. Kf1 Kf3 50. Rf7+ Ke3 51. b5 axb5 52. axb5 Rc2 53. Rf5 Kd3 54. Rd5+ Kc4 55. Rd1 Kxb5 56. d7 Kc6 57. Kg1 Rxd7 58. Ra1 Rxc5 59. Ra6+ Kb5 60. Ra1 Rf5 61. Re1 Rg7+ 62. Kh2 Rh5# 0-1

[Event "Titled Tuesday intern op 14th Nov Early"]
[Site "Chess.com INT"]
[Date "2023.11.14"]
[Round "3"]
[White "Bodnaruk, Anastasia"]
[Black "Mikhalsky, Vladimir"]
[Result "1-0"]
[WhiteElo "2340"]
[BlackElo "2219"]
[PlyCount "91"]
[EventDate "2023.11.14"]
[EventType "swiss (blitz)"]
[EventRounds "11"]
[EventCountry "USA"]
[SourceTitle "CB47_2023"]
[SourceDate "2023.11.22"]
[SourceVersion "1"]
[SourceVersionDate "2023.11.22"]
[SourceQuality "1"]

1. e4 g6 2. d4 Bg7 3. Nc3 d6 4. Be3 a6 5. Qd2 Nd7 6. h4 h5 7. Nh3 b5 8. 0-0-0 Nb6 9. Ng5 b4 10. Nb1 a5 11. d5 Bd7 12. Bd4 Nf6 13. f3 c5 14. dxc6 Bxc6 15. Qf2 Nbd7 16. Nd2 0-0 17. g4 e5 18. Be3 d5 19. exd5 Bxd5 20. Nde4 hxg4 21. Nxf6+ Nxf6 22. Bc4 Rc8 23. Bxd5 Nxd5 24. h5 g3 25. Qe2 g2 26. Rhg1 Bh6 27. Rxg2 f6 28. Qd3 fxg5 29. Qxg6+ Bg7 30. h6 Rf7 31. hxg7 Nxe3 32. Rxd8+ Rxd8 33. Rd2 Rxd2 34. Kxd2 Nf5 35. Qxg5 Nd4 36. Qd8+ Kxg7 37. Ke3 Rxf3+ 38. Ke4 Rf4+ 39. Kd5 Nxc2 40. Kxe5 Rf7 41. Qg5+ Kf8 42. Qh6+ Ke8 43. Qc6+ Rd7 44. Qxc2 Ke7 45. Qc5+ Kf7 46. Qxa5 1-0

[Event "Titled Tuesday intern op 14th Nov Early"]
[Site "Chess.com INT"]
[Date "2023.11.14"]
[Round "1"]
[White "Mikhalsky, Vladimir"]
[Black "Materia, Marco"]
[Result "0-1"]
[WhiteElo "2219"]
[BlackElo "2426"]
[PlyCount "70"]
[EventDate "2023.11.14"]
[EventType "swiss (blitz)"]
[EventRounds "11"]
[EventCountry "USA"]
[SourceTitle "CB47_2023"]
[SourceDate "2023.11.22"]
[SourceVersion "1"]
[SourceVersionDate "2023.11.22"]
[SourceQuality "1"]

1. d4 Nf6 2. c4 e6 3. g3 d5 4. Bg2 Be7 5. Nf3 0-0 6. 0-0 Nbd7 7. c5 Ne4 8. Qc2 c6 9. Nc3 f5 10. Bf4 g5 11. Be3 Bf6 12. Rad1 Qe7 13. b4 b6 14. Nxe4 fxe4 15. Ne5 bxc5 16. Nxc6 Qd6 17. b5 c4 18. Bd2 a5 19. Bxa5 Rf7 20. Bb4 Qc7 21. a4 Bb7 22. Bh3 Re8 23. Ba5 Qd6 24. Bb4 Qc7 25. Na5 Ba8 26. Nb3 Qa7 27. Nc5 Bxd4 28. Nxe6 Bxf2+ 29. Kh1 d4 30. Nxg5 e3+ 31. Bg2 Bxg2+ 32. Kxg2 Qb7+ 33. Nf3 Ne5 34. Rxf2 exf2 35. Rxd4 Nxf3 0-1

[Event "Titled Tuesday intern op 24th Oct Late"]
[Site "Chess.com INT"]
[Date "2023.10.24"]
[Round "5"]
[White "Dong, Bao Nghia"]
[Black "Mikhalsky, Vladimir"]
[Result "1-0"]
[WhiteElo "2324"]
[BlackElo "2219"]
[PlyCount "95"]
[EventDate "2023.10.24"]
[EventType "swiss (blitz)"]
[EventRounds "11"]
[EventCountry "USA"]
[SourceTitle "Mega2024 Update 01"]
[Source "Chessbase"]
[SourceDate "2023.11.12"]
[SourceVersion "1"]
[SourceVersionDate "2023.11.12"]
[SourceQuality "1"]

1. d4 Nf6 2. c4 g6 3. Nc3 Bg7 4. e4 0-0 5. Nf3 d6 6. Be2 e5 7. 0-0 Nc6 8. d5 Ne7 9. b4 a5 10. bxa5 Nh5 11. a4 Nf4 12. Re1 f5 13. Bf1 fxe4 14. Nxe4 Bg4 15. Ra3 Nf5 16. Bxf4 exf4 17. h3 Bh5 18. Neg5 Bxf3 19. Nxf3 Rxa5 20. Bd3 Nh4 21. Bc2 Rc5 22. Qe2 Nxf3+ 23. Rxf3 Be5 24. Rb3 b6 25. Rb5 f3 26. gxf3 Qg5+ 27. Kf1 Qh4 28. Kg2 Rxc4 29. Be4 Qf4 30. Qxc4 Qh2+ 31. Kf1 Bf6 32. Ke2 Bh4 33. Rf1 Qe5 34. Rb3 Bg5 35. Qxc7 Ra8 36. Qc3 Qf4 37. Rb4 Bf6 38. Qe3 Qe5 39. Rc1 Bg5 40. Qc3 Bxc1 41. Qxc1 Qf6 42. Qb2 Qh4 43. Rxb6 Rxa4 44. Rb8+ Kf7 45. Qb7+ Kf6 46. Rf8+ Ke5 47. Qg7+ Qf6 48. Qxf6# 1-0

[Event "Titled Tuesday intern op 24th Oct Late"]
[Site "Chess.com INT"]
[Date "2023.10.24"]
[Round "9"]
[White "Mikhalsky, Vladimir"]
[Black "Fernandez, Maria Florencia"]
[Result "1-0"]
[WhiteElo "2219"]
[BlackElo "2099"]
[PlyCount "121"]
[EventDate "2023.10.24"]
[EventType "swiss (blitz)"]
[EventRounds "11"]
[EventCountry "USA"]
[SourceTitle "Mega2024 Update 01"]
[Source "Chessbase"]
[SourceDate "2023.11.12"]
[SourceVersion "1"]
[SourceVersionDate "2023.11.12"]
[SourceQuality "1"]

1. d4 Nf6 2. c4 g6 3. f3 Bg7 4. e4 d6 5. Nc3 0-0 6. Be3 e5 7. Nge2 a6 8. Qd2 Nc6 9. d5 Ne7 10. Nc1 c6 11. Be2 cxd5 12. cxd5 Nd7 13. g4 b5 14. Nb3 Nb6 15. h4 Bd7 16. h5 Rc8 17. Bh6 Bh8 18. Bxf8 Qxf8 19. hxg6 fxg6 20. Qh6 Qf7 21. Rc1 Nc4 22. Bxc4 Rxc4 23. Nd2 Rd4 24. Ne2 Rd3 25. Rc7 Be8 26. Nc1 Rd4 27. Qe3 Bf6 28. Ne2 Ra4 29. a3 Qf8 30. g5 Bg7 31. Qa7 Nxd5 32. exd5 e4 33. Rxg7+ Qxg7 34. Qxg7+ Kxg7 35. Nxe4 Bf7 36. N2c3 Rd4 37. Nxd6 Bxd5 38. Nxd5 Rxd5 39. Ne4 Rd3 40. 0-0 Rb3 41. Rf2 Kf7 42. f4 a5 43. Kg2 b4 44. a4 Re3 45. Nd6+ Ke6 46. Nc4 Re4 47. Nxa5 b3 48. Nxb3 Kf5 49. Nc5 Rb4 50. b3 Kg4 51. Rf3 Rb8 52. a5 Rd8 53. a6 Rd2+ 54. Rf2 Rd1 55. a7 Ra1 56. Na4 Rh1 57. a8B Rh3 58. Bf3+ Kh4 59. Nc5 Rg3+ 60. Kf1 Rh3 61. Ne4 1-0

[Event "Titled Tuesday intern op 12th Sep Late"]
[Site "Chess.com INT"]
[Date "2023.09.12"]
[Round "3"]
[White "Mikhalsky, Vladimir"]
[Black "Gavrilov, Maxim"]
[Result "1-0"]
[WhiteElo "2219"]
[BlackElo "2186"]
[PlyCount "87"]
[EventDate "2023.09.12"]
[EventType "swiss (blitz)"]
[EventRounds "11"]
[EventCountry "USA"]
[SourceTitle "EXT 2024"]
[Source "ChessBase"]
[SourceDate "2023.10.10"]
[SourceVersion "1"]
[SourceVersionDate "2023.10.10"]
[SourceQuality "1"]

1. d4 Nf6 2. c4 Nc6 3. d5 Ne5 4. b3 e6 5. dxe6 fxe6 6. Qc2 b6 7. Nf3 Ng6 8. Bb2 Bb7 9. Nbd2 Be7 10. h4 0-0 11. h5 Nf4 12. h6 Ng6 13. e3 d6 14. Bd3 Qe8 15. hxg7 Kxg7 16. Ng5 Rh8 17. Nxe6+ Kf7 18. Nxc7 Qc6 19. Nxa8 Ne5 20. Bxh7 Bxa8 21. Bxe5 dxe5 22. Qg6+ Kf8 23. Qh6+ Ke8 24. Bg6+ Kd7 25. Bf5+ Kc7 26. Qxh8 Qxg2 27. 0-0-0 Qxf2 28. Qxa8 Ba3+ 29. Kb1 Qxf5+ 30. e4 Nxe4 31. Qxe4 Qg5 32. Rh7+ Kd6 33. Nf3+ Kc5 34. Nxg5 Kb4 35. Rxa7 Kc3 36. Qc2+ Kb4 37. Ne4 b5 38. c5 Bc1 39. Ra8 Bd2 40. c6 Bc1 41. c7 Bd2 42. c8N Bc1 43. Nb6 Bd2 44. Nd5# 1-0

[Event "Titled Tuesday intern op 12th Sep Late"]
[Site "Chess.com INT"]
[Date "2023.09.12"]
[Round "4"]
[White "Mikhalsky, Vladimir"]
[Black "Nasir, Zehn"]
[Result "1-0"]
[WhiteElo "2219"]
[BlackElo "2057"]
[PlyCount "85"]
[EventDate "2023.09.12"]
[EventType "swiss (blitz)"]
[EventRounds "11"]
[EventCountry "USA"]
[SourceTitle "EXT 2024"]
[Source "ChessBase"]
[SourceDate "2023.10.10"]
[SourceVersion "1"]
[SourceVersionDate "2023.10.10"]
[SourceQuality "1"]

1. d4 Nf6 2. c4 c5 3. Nf3 cxd4 4. Nxd4 e5 5. Nb5 d5 6. cxd5 Bc5 7. e3 0-0 8. a4 a6 9. N5c3 e4 10. Be2 Re8 11. Na3 Nbd7 12. Nc4 Rb8 13. 0-0 b5 14. axb5 axb5 15. Na5 Ne5 16. Nc6 Nxc6 17. dxc6 b4 18. Qxd8 Rxd8 19. c7 Be6 20. Na4 Bd6 21. cxd8Q+ Rxd8 22. Rd1 Bc4 23. Bxc4 Bxh2+ 24. Kxh2 Rxd1 25. b3 Ng4+ 26. Kg3 h5 27. Be2 Rh1 28. Bxg4 g5 29. f3 hxg4 30. fxg4 Re1 31. Nc5 Kg7 32. Nxe4 Kg6 33. Ra6+ f6 34. Rxf6+ Kg7 35. Bb2 Kh7 36. Nxg5+ Kg8 37. Bd4 Rc1 38. Ne6 Rc6 39. g5 Kh7 40. g6+ Kh6 41. g7+ Kh7 42. Ng5+ Kg8 43. Rf8# 1-0

[Event "Titled Tuesday intern op 12th Sep Late"]
[Site "Chess.com INT"]
[Date "2023.09.12"]
[Round "6"]
[White "Panesso Rivera, Henry"]
[Black "Mikhalsky, Vladimir"]
[Result "1-0"]
[WhiteElo "2360"]
[BlackElo "2219"]
[PlyCount "143"]
[EventDate "2023.09.12"]
[EventType "swiss (blitz)"]
[EventRounds "11"]
[EventCountry "USA"]
[SourceTitle "EXT 2024"]
[Source "ChessBase"]
[SourceDate "2023.10.10"]
[SourceVersion "1"]
[SourceVersionDate "2023.10.10"]
[SourceQuality "1"]

1. e4 g6 2. g3 Bg7 3. Bg2 c5 4. Nc3 Nc6 5. Nge2 e5 6. h3 Nge7 7. Nd5 0-0 8. d3 d6 9. c4 f5 10. Bg5 h6 11. Bxe7 Nxe7 12. Nec3 f4 13. g4 Nc6 14. Bf3 a6 15. h4 b5 16. b3 Rf7 17. h5 g5 18. cxb5 axb5 19. Nxb5 Ba6 20. Nbc3 Qa5 21. 0-0 Nd4 22. a4 Rb8 23. Rb1 Rfb7 24. Nb5 Bxb5 25. axb5 Rxb5 26. Kg2 Kf7 27. Ra1 Qd8 28. Ra6 Bf8 29. Qa1 Nxb3 30. Ra7+ R5b7 31. Qa6 Qc8 32. Rxb7+ Qxb7 33. Qa4 Nd4 34. Qc4 Kg7 35. Ra1 Be7 36. Ra6 Bf8 37. Qa2 Kh8 38. Ra7 Qb3 39. Nf6 Bg7 40. Qxb3 Nxb3 41. Nd5 Nd4 42. Rd7 Bf8 43. Nf6 Bg7 44. Nd5 Nb5 45. Bd1 Ra8 46. Bb3 Nd4 47. Bc4 f3+ 48. Kg3 Bf8 49. Nf6 Bg7 50. Nd5 Ne6 51. Rxd6 Nf4 52. Ne7 Ne2+ 53. Kxf3 Nd4+ 54. Kg3 Ra1 55. Ng6+ Kh7 56. f4 exf4+ 57. Kf2 Rc1 58. Rd8 Bf6 59. Rd7+ Bg7 60. Rd8 Bf6 61. Rd7+ Bg7 62. e5 Rc2+ 63. Kf1 f3 64. Rd8 Bxe5 65. Nxe5 Rc1+ 66. Kf2 Rc2+ 67. Kf1 Rc1+ 68. Kf2 Rc2+ 69. Kg3 Rg2+ 70. Kh3 Rg1 71. Rd7+ Kh8 72. Ng6# 1-0

[Event "Titled Tuesday intern op 15th Aug Late"]
[Site "Chess.com INT"]
[Date "2023.08.15"]
[Round "8"]
[White "Arutla, Aditya"]
[Black "Mikhalsky, Vladimir"]
[Result "0-1"]
[WhiteElo "2161"]
[BlackElo "2219"]
[PlyCount "168"]
[EventDate "2023.08.15"]
[EventType "swiss (blitz)"]
[EventRounds "11"]
[EventCountry "USA"]
[SourceTitle "EXT 2024"]
[Source "ChessBase"]
[SourceDate "2023.10.10"]
[SourceVersion "1"]
[SourceVersionDate "2023.10.10"]
[SourceQuality "1"]

1. d4 Nf6 2. Bf4 c5 3. d5 g6 4. Nc3 Bg7 5. e4 0-0 6. Nf3 d6 7. Bc4 b5 8. Bxb5 Nxe4 9. Nxe4 Qa5+ 10. Nfd2 Qxb5 11. Rb1 c4 12. Nf3 Bb7 13. 0-0 Qxd5 14. Qxd5 Bxd5 15. Ned2 Nc6 16. b3 c3 17. Nc4 Bxc4 18. bxc4 Na5 19. c5 e5 20. Bc1 d5 21. Rd1 Rfd8 22. Ba3 Nc6 23. Rb7 d4 24. Ng5 Rf8 25. f3 Bh6 26. Ne4 Rab8 27. Rdb1 Rxb7 28. Rxb7 Rb8 29. Rxb8+ Nxb8 30. Kf2 Nc6 31. Ke2 f5 32. Nd6 Bf8 33. Kd3 Bxd6 34. cxd6 Kf7 35. Kc4 Ke6 36. Kb5 Nd8 37. Kc5 Nb7+ 38. Kc6 Nd8+ 39. Kc7 Nf7 40. Bc5 d3 41. cxd3 c2 42. Ba3 Nxd6 43. Kb8 a5 44. Bc1 Nb5 45. Kb7 Nd4 46. Ka6 a4 47. Ka5 Ne2 48. Bd2 c1Q 49. Bxc1 Nxc1 50. a3 Nxd3 51. Kxa4 Ne1 52. Kb5 Kd7 53. Kc5 Nxg2 54. Kd5 Nh4 55. Kxe5 Nxf3+ 56. Kf4 Nxh2 57. a4 Kc6 58. Kg5 Ng4 59. Kf4 Kb6 60. Kf3 Ka5 61. Ke2 Kxa4 62. Kd3 Kb5 63. Kd4 Kc6 64. Kc4 Kd6 65. Kd4 g5 66. Kd3 f4 67. Ke4 Ke6 68. Kf3 Kf5 69. Kg2 Ke4 70. Kf1 f3 71. Ke1 Ke3 72. Kf1 f2 73. Kg2 Ke2 74. Kg3 Ne5 75. Kh2 f1N+ 76. Kg2 h5 77. Kh3 Ng6 78. Kg2 Nf4+ 79. Kh1 g4 80. Kg1 h4 81. Kh1 g3 82. Kg1 h3 83. Kh1 g2+ 84. Kg1 h2# 0-1

[Event "Titled Tuesday intern op 15th Aug Late"]
[Site "Chess.com INT"]
[Date "2023.08.15"]
[Round "3"]
[White "Petersson, Kjell"]
[Black "Mikhalsky, Vladimir"]
[Result "1-0"]
[WhiteElo "2040"]
[BlackElo "2219"]
[PlyCount "53"]
[EventDate "2023.08.15"]
[EventType "swiss (blitz)"]
[EventRounds "11"]
[EventCountry "USA"]
[SourceTitle "EXT 2024"]
[Source "ChessBase"]
[SourceDate "2023.10.10"]
[SourceVersion "1"]
[SourceVersionDate "2023.10.10"]
[SourceQuality "1"]

1. d4 g6 2. e4 Bg7 3. Bf4 d6 4. Nf3 a6 5. Qd2 b5 6. Nc3 Bb7 7. Bd3 Nc6 8. Ne2 Nf6 9. 0-0-0 b4 10. Bh6 Bxh6 11. Qxh6 Qd7 12. e5 Ng4 13. Qh4 h5 14. h3 Nh6 15. exd6 cxd6 16. Kb1 a5 17. Nf4 Ba6 18. Be4 Rc8 19. Rhe1 0-0 20. Nxg6 fxg6 21. Bxg6 Bc4 22. Qxh5 Kg7 23. Be4 Nf5 24. g4 Bf7 25. Qg5+ Kh8 26. gxf5 Be8 27. Rg1 1-0

[Event "Titled Tuesday intern op 01st Aug Early"]
[Site "Chess.com INT"]
[Date "2023.08.01"]
[Round "6"]
[White "Malka, Samuel"]
[Black "Mikhalsky, Vladimir"]
[Result "0-1"]
[WhiteElo "2200"]
[BlackElo "2219"]
[PlyCount "96"]
[EventDate "2023.08.01"]
[EventType "swiss (blitz)"]
[EventRounds "11"]
[EventCountry "USA"]
[SourceTitle "EXT 2024"]
[Source "ChessBase"]
[SourceDate "2023.10.10"]
[SourceVersion "1"]
[SourceVersionDate "2023.10.10"]
[SourceQuality "1"]

1. d4 Nf6 2. c4 g6 3. Nc3 Bg7 4. e4 0-0 5. Nf3 d6 6. Be2 e5 7. 0-0 Nc6 8. d5 Ne7 9. Ne1 Nd7 10. Nd3 f5 11. f3 f4 12. Nf2 g5 13. b4 a5 14. bxa5 h5 15. Kh1 Ng6 16. a4 Rf7 17. Ba3 Bf8 18. c5 Nxc5 19. Bxc5 dxc5 20. d6 Be6 21. dxc7 Qxc7 22. Nd5 Qxa5 23. Bc4 Rd8 24. Qb3 g4 25. fxg4 hxg4 26. Nxg4 Kg7 27. Nf2 Bxd5 28. Bxd5 Rfd7 29. Rfd1 Qb4 30. Qxb4 cxb4 31. Nd3 Rxd5 32. exd5 e4 33. Nf2 e3 34. Ne4 Ne5 35. Kg1 Kg6 36. a5 Kf5 37. Rd4 b3 38. Rb1 Rc8 39. d6 b2 40. d7 Nxd7 41. Rxd7 Kxe4 42. h4 Rc1+ 43. Rd1 Rxd1+ 44. Rxd1 e2 45. Rb1 Bc5+ 46. Kh2 Bf2 47. h5 e1Q 48. Rxe1+ Bxe1 0-1

[Event "Titled Tuesday intern op 01st Aug Early"]
[Site "Chess.com INT"]
[Date "2023.08.01"]
[Round "11"]
[White "Mikhalsky, Vladimir"]
[Black "Shubenkova, Veronika"]
[Result "0-1"]
[WhiteElo "2219"]
[BlackElo "2050"]
[PlyCount "98"]
[EventDate "2023.08.01"]
[EventType "swiss (blitz)"]
[EventRounds "11"]
[EventCountry "USA"]
[SourceTitle "EXT 2024"]
[Source "ChessBase"]
[SourceDate "2023.10.10"]
[SourceVersion "1"]
[SourceVersionDate "2023.10.10"]
[SourceQuality "1"]

1. d4 d5 2. c4 e6 3. Nf3 f5 4. g3 Nf6 5. Bg2 c6 6. 0-0 Bd6 7. b3 0-0 8. Ba3 Bxa3 9. Nxa3 Qd6 10. Qc1 Nbd7 11. Nc2 Ne4 12. Qf4 Qe7 13. h4 h6 14. Ne5 Nxe5 15. Qxe5 Bd7 16. Rad1 g5 17. hxg5 hxg5 18. Bxe4 fxe4 19. Ne3 Qg7 20. Qxg7+ Kxg7 21. Ng4 Rh8 22. Kg2 Rag8 23. Rh1 Be8 24. Rxh8 Rxh8 25. Ne3 Kf6 26. a4 Bf7 27. a5 a6 28. g4 Rh4 29. Kg3 Rh8 30. Ra1 e5 31. dxe5+ Kxe5 32. cxd5 cxd5 33. Ra4 d4 34. Nc4+ Bxc4 35. Rxc4 Rd8 36. Rc5+ Ke6 37. f4 d3 38. exd3 Rxd3+ 39. Kf2 gxf4 40. Rc7 Rxb3 41. Rc8 Rb2+ 42. Ke1 Ke5 43. Re8+ Kd4 44. g5 Ke3 45. Kd1 Rd2+ 46. Kc1 Rg2 47. Re7 f3 48. Rxb7 f2 49. Rb3+ Kf4 0-1

[Event "Titled Tuesday intern op 18th Jul Late"]
[Site "Chess.com INT"]
[Date "2023.07.18"]
[Round "2"]
[White "Floresvillar Gonzalez, Luis Miguel"]
[Black "Mikhalsky, Vladimir"]
[Result "1/2-1/2"]
[WhiteElo "2019"]
[BlackElo "2219"]
[PlyCount "84"]
[EventDate "2023.07.18"]
[EventType "swiss (blitz)"]
[EventRounds "11"]
[EventCountry "USA"]
[SourceTitle "EXT 2024"]
[Source "ChessBase"]
[SourceDate "2023.10.10"]
[SourceVersion "1"]
[SourceVersionDate "2023.10.10"]
[SourceQuality "1"]

1. e4 g6 2. d4 Bg7 3. c3 d6 4. Bd3 Nf6 5. f4 0-0 6. e5 Nfd7 7. Nf3 c5 8. Be3 cxd4 9. Bxd4 Nc6 10. exd6 Nxd4 11. Nxd4 e5 12. fxe5 Nxe5 13. 0-0 Qxd6 14. Be2 Nc6 15. Nxc6 Qxc6 16. Qd2 Qb6+ 17. Kh1 Bf5 18. Na3 Rad8 19. Qc1 Rfe8 20. Bf3 Qc7 21. Nb5 Qc5 22. Nd4 Bxd4 23. cxd4 Qxd4 24. Bxb7 Rb8 25. Qc7 Qxb2 26. Bf3 Qb6 27. Qxb6 Rxb6 28. h3 Rb2 29. a4 Be6 30. a5 Rc8 31. a6 Rcc2 32. Bb7 h5 33. Rg1 Bxh3 34. Kh2 Be6 35. Rad1 Rb4 36. Rd8+ Kg7 37. Ra8 Rc3 38. g3 Rb2+ 39. Rg2 Rb1 40. Rg1 Rb2+ 41. Rg2 Rb1 42. Rg1 Rb2+ 1/2-1/2

[Event "Titled Tuesday intern op 18th Jul Late"]
[Site "Chess.com INT"]
[Date "2023.07.18"]
[Round "8"]
[White "Mikhalsky, Vladimir"]
[Black "Cooper, Aaron"]
[Result "0-1"]
[WhiteElo "2219"]
[BlackElo "1904"]
[PlyCount "120"]
[EventDate "2023.07.18"]
[EventType "swiss (blitz)"]
[EventRounds "11"]
[EventCountry "USA"]
[SourceTitle "EXT 2024"]
[Source "ChessBase"]
[SourceDate "2023.10.10"]
[SourceVersion "1"]
[SourceVersionDate "2023.10.10"]
[SourceQuality "1"]

1. d4 Nf6 2. c4 e6 3. g3 d5 4. Bg2 Be7 5. Nf3 0-0 6. 0-0 dxc4 7. Qc2 a6 8. a4 Nbd7 9. a5 c5 10. Rd1 cxd4 11. Rxd4 Qc7 12. Rxc4 Qb8 13. Nc3 Ne5 14. Nxe5 Qxe5 15. Bf4 Qh5 16. Rc7 Bd8 17. Rxb7 Bxb7 18. Bxb7 Bxa5 19. Bf3 Qc5 20. Be3 Qc7 21. Bxa8 Rxa8 22. Qd3 Bxc3 23. Qxc3 Qxc3 24. bxc3 Nd5 25. Bd4 f6 26. c4 Nb4 27. Ra4 Nc6 28. Bb6 Kf7 29. c5 Ke7 30. Rg4 g6 31. Rh4 h5 32. g4 Rh8 33. gxh5 gxh5 34. Ra4 Nb8 35. Bc7 Kd7 36. Bxb8 Rxb8 37. Rxa6 Rb1+ 38. Kg2 Rc1 39. Ra7+ Kc6 40. Re7 Kd5 41. Rh7 Rxc5 42. Rxh5+ f5 43. Kf3 Ke5 44. Rh6 Rc4 45. h4 Rf4+ 46. Ke3 Re4+ 47. Kd3 Kf4 48. f3 Re3+ 49. Kd2 Re5 50. Rh8 Kg3 51. h5 Kf2 52. e3 Rxe3 53. h6 Rxf3 54. Re8 Rh3 55. Rxe6 f4 56. Rf6 f3 57. Kd3 Kf1 58. Kd2 f2 59. Kd1 Kg1 60. Ke2 Rxh6 0-1

[Event "Titled Tuesday intern op 18th Jul Late"]
[Site "Chess.com INT"]
[Date "2023.07.18"]
[Round "5"]
[White "Ugarte Soto, Cesar"]
[Black "Mikhalsky, Vladimir"]
[Result "1-0"]
[WhiteElo "2088"]
[BlackElo "2219"]
[PlyCount "87"]
[EventDate "2023.07.18"]
[EventType "swiss (blitz)"]
[EventRounds "11"]
[EventCountry "USA"]
[SourceTitle "EXT 2024"]
[Source "ChessBase"]
[SourceDate "2023.10.10"]
[SourceVersion "1"]
[SourceVersionDate "2023.10.10"]
[SourceQuality "1"]

1. d4 Nf6 2. Bf4 c5 3. e3 g6 4. h3 Bg7 5. Nf3 0-0 6. Be2 b6 7. 0-0 Bb7 8. c3 d6 9. Nbd2 Nc6 10. Bh2 Nd7 11. Qc2 a6 12. a4 Rc8 13. Rfc1 Rc7 14. Qd1 Qa8 15. Qf1 Rd8 16. Rab1 Nf6 17. Bc4 Rcc8 18. Ng5 e6 19. Be2 h6 20. Ngf3 Ne7 21. b4 cxb4 22. cxb4 Ned5 23. Nc4 Ne4 24. Bd3 Nec3 25. Rb3 Nxa4 26. Nxd6 Rxc1 27. Qxc1 b5 28. Rb1 Bf8 29. Nxb7 Qxb7 30. Be4 Qc8 31. Bxd5 Qxc1+ 32. Rxc1 exd5 33. Rc6 Bxb4 34. Rxa6 Nc3 35. Bc7 Rc8 36. Be5 Ne2+ 37. Kh2 Bf8 38. Rb6 b4 39. Rb7 Nc3 40. Bf4 Nd1 41. Ne5 g5 42. Bg3 f6 43. Nd7 Rd8 44. Nxf6+ 1-0